00701 2200241 4500001002100000005001500021035002000036007000300056008004100059020002200100082001100122084002100133084002100154084002100175100002600196245010500222250001000327260003800337300004500375990001300420990001300433990001300446INLIS00000000000952920251218084146 a0010-0723000059ta251218 g 0 ind  a978-602-313-139-6 a3372.2 a3372.2 RIN s C.1 a3372.2 RIN s C.2 a3372.2 RIN s C.30 aRina Roudhotul Jannah1 a144 Strategi Pembelajaran Anak Usia dini :bBerbasis Multiple Intelligences /cRina Roudhotul Jannah acet.1 aYogyakarta :bArruzz Media,c2018 a418 hlm :billus bergambar ;c15 x 23 cm a023.3110 a023.3111 a023.3112